| 000 | 01377nam a2200217Ia 4500 | ||
|---|---|---|---|
| 003 | Ost | ||
| 005 | 20260416102359.0 | ||
| 008 | 260416s9999||||xx |||||||||||||| ||und|| | ||
| 040 | _cfsecg | ||
| 041 | _aara | ||
| 082 | _a339 | ||
| 100 |
_aعمروش، بهية _eمؤلف |
||
| 245 | 0 |
_a الاقتصاد الكلي1 دروس و تمارين : _bموجهة لطلبة الليسانس في ميدان العلوم الاقتصادية و التجارية و علوم التسيير / _c بهية عمروش |
|
| 260 |
_aالجزائر _bجامعة الجزائر3: كلية العلوم الإقتصادية، العلوم التجارية وعلوم التسيير _c2022 |
||
| 300 |
_a122 ورقة _bايضاحات _c30 سم |
||
| 504 | _aالمراجع | ||
| 520 | _aمدخل للتحليل الاقتصادي الكلي (مفاهيم وعموميات)، قياس مستوى النشاط الاقتصادي الكلي (مدخل لحسابات الدخل الوطني) ، التوازن الاقتصادي الكلي وفق النموذج الكلاسيكي، التوازن الاقتصادي الكلي وفق النموذج الكينزي. | ||
| 653 | _aالاقتصاد الكلي | ||
| 710 |
_aجامعة الجزائر3: كلية العلوم الإقتصادية، العلوم التجارية وعلوم التسيير _eناشر علمي |
||
| 942 | _cHANDOUT | ||
| 999 |
_c41358 _d41358 |
||